000
00331nam a2200133 a 4500
005
20140414093848.0
008
110324s19uu xx 00 eng d
050
_a
CD 510
_b
MAT 2006
245
_a
Mathematics HL - option 10 solution manual.
260
_b
IBID Press.
650
_a
Mathematics
942
_c
AVM
999
_c
109741
_d
109741